| 000 | 00610nam a2200205 i 4500 | ||
|---|---|---|---|
| 001 | 141300 | ||
| 003 | ES-MaACL | ||
| 005 | 20250815112603.0 | ||
| 007 | t| | ||
| 008 | 070920m19611962sp ||||1| spa d | ||
| 080 | _a577.1(075.8) | ||
| 100 | 1 |
_aVillar Palasí, Vicente. _9115099 |
|
| 245 | 1 | 0 |
_aTratado de bioquímica / _cVicente Villar Palasí y Angel Santos Ruiz. |
| 260 |
_aBarcelona : _bL y E, _c1961-62. |
||
| 300 |
_a2 v. : _bil. ; _c25 cm. |
||
| 650 | 0 | 7 |
_aBioquímica _2embne _9136796 |
| 700 | 1 |
_aSantos Ruiz, Angel. _9103531 |
|
| 852 |
_aES-MaACL _jE-3407-8 _bR.49371 |
||
| 999 |
_c141300 _d141300 |
||